[Event "Curacao m2"]
[Site "Curacao"]
[Date "2005.06.14"]
[Round "6"]
[White "Bruzon Batista, Lazaro"]
[Black "Timman, Jan H"]
[Result "1-0"]
[WhiteElo "2669"]
[BlackElo "2607"]
[Annotator "Psakhis,L"]
[PlyCount "79"]
[EventDate "2005.06.11"]
[EventType "match"]
[EventRounds "8"]
[EventCountry "AHO"]
[SourceTitle "CBM 108"]
[Source "ChessBase"]
[SourceDate "2005.09.26"]
[SourceVersion "1"]
[SourceVersionDate "2005.09.26"]
[SourceQuality "1"]

1. e4 e6 2. Qe2 c5 3. g3 (3. d3 Nc6 4. c3 Nf6 5. g3 d5 $1 6. Nd2 (6. e5 Nd7 7.
f4 b5 8. Nf3 Nb6 9. Bg2 Ba6 10. a3 Bb7 11. O-O Be7 12. Be3 Qd7 13. Nbd2 O-O 14.
Nb3 Na4 15. d4 c4 16. Nc1 a5 17. Qc2 Nb6 18. Bh3 g6 19. g4 f5 20. exf6 Bxf6 21.
Ne2 Bg7 22. Rae1 Nc8 23. Ne5 Nxe5 24. dxe5 d4 25. Nxd4 Ne7 26. Bc1 Rae8 27. Nf3
Nd5 28. Ng5 Bh6 29. Bg2 Bxg5 30. fxg5 Qc7 31. h4 Rxf1+ 32. Bxf1 Rf8 33. Bg2
Qc5+ 34. Kh2 Rf2 35. Re2 Ne3 36. Bxe3 Qxe5+ 37. Kg1 Rxg2+ 38. Rxg2 Qxe3+ 39.
Qf2 Qc1+ 40. Kh2 Bxg2 41. Kxg2 e5 42. Kg3 {1/2-1/2 Arkhipov,S-Vakhidov,T/
Abudhabi op 2000/The Week in Chess 304}) (6. Bg2 dxe4 7. dxe4 Ne5 8. Na3 (8.
Bg5 Be7 (8... c4 9. Nd2 b5 10. O-O-O Nd3+ 11. Kb1 e5 12. f4 Qb6 13. fxe5 Ng4
14. Nh3 h6 15. Bf4 g5 16. Bf3 gxf4 17. Bxg4 f3 18. Qxf3 Nxe5 19. Qf4 Nxg4 {
0-1 Fadeev,V-Gurevich,M/UKR-ch Kiev 1984/ChessBase}) 9. Na3 O-O 10. Rd1 Qa5 11.
f4 Nc6 12. Bxf6 Bxf6 13. e5 Be7 14. Nf3 Rb8 15. Nd2 f6 16. O-O fxe5 17. fxe5
Rxf1+ 18. Nxf1 c4 19. Nxc4 Qc5+ 20. Kh1 b5 21. Nd6 Nxe5 22. Nxc8 Rxc8 23. Rd4
a5 24. a3 Rf8 25. Nd2 Kh8 26. Nb3 Qc7 27. Re4 Bf6 28. Nd4 Qc4 29. Nxb5 Qa2 30.
h3 Qb1+ 31. Kh2 h6 32. Rf4 Rb8 33. a4 Qa2 34. Re4 Rc8 35. Nd6 Rb8 36. Nb5 Rc8
37. Nd6 Rb8 38. b4 Qxe2 39. Rxe2 axb4 40. cxb4 Rxb4 41. a5 Ra4 42. Nb7 Ra3 43.
Rc2 h5 44. Be4 g6 45. Kg2 Kg7 46. Rc7+ Kh6 47. h4 Ra2+ 48. Kf1 Ra4 49. Bc2 Ra3
50. Rc5 g5 51. Nd6 Ra1+ 52. Ke2 gxh4 53. gxh4 Ng6 54. Nf7+ Kg7 55. Ng5 Nxh4 56.
Nxe6+ Kf7 57. Nf4 Bd8 58. Bb3+ Ke8 59. Rxh5 Rxa5 60. Rh8+ Kd7 61. Be6+ Kc7 62.
Bg4 Be7 {1/2-1/2 Elfert,A-Bunzmann,D/Biel op 2000/The Week in Chess 300}) 8...
Nd3+ 9. Kf1 Nxc1 10. Rxc1 Be7 11. e5 Nd7 12. Nc4 O-O 13. Rd1 Qc7 14. f4 Rd8 15.
Nh3 Nb6 16. Rxd8+ Qxd8 17. Kf2 Nxc4 18. Qxc4 Rb8 19. Be4 g6 20. Qe2 b5 21. Kg2
c4 22. Nf2 Qc7 23. h4 b4 24. cxb4 Rxb4 25. Rc1 Ba6 26. b3 h5 27. Kh3 cxb3 28.
Rxc7 Bxe2 29. axb3 Kf8 30. Rxa7 Bc5 31. Ra8+ Kg7 32. Nd3 Bxd3 33. Bxd3 Rxb3 34.
Rd8 Bb6 35. Rb8 Rxd3 36. Rxb6 Kf8 37. Kg2 Ke7 38. Rb7+ Rd7 39. Rb3 Ra7 40. Rd3
f6 41. exf6+ Kxf6 42. Re3 Ra5 43. Kf3 Kf5 44. Rb3 e5 45. fxe5 Rxe5 46. Rb8 Ra5
47. Rf8+ Ke5 48. Re8+ Kf5 49. Rf8+ Ke5 50. Re8+ Kf5 51. Rf8+ {1/2-1/2 Schuh,
D-Meijers,V/Stuttgart op 2005/The Week in Chess 548}) 6... Be7 7. f4 O-O 8. Bg2
b5 $1 9. Ngf3 (9. e5) 9... c4 $1 10. e5 $2 (10. d4 Nxe4 11. Nxe4 dxe4 12. Qxe4
Bb7 $17) (10. dxc4 bxc4 $1 11. exd5 exd5 12. Ne5 $1 Nxe5 $1 13. fxe5 Bg4 14.
Bf3 $1 (14. Qe3 $2 Nd7 15. Bxd5 Bc5 16. Qf4 Nxe5 $3 $19) 14... Bxf3 15. Nxf3 (
15. Qxf3 Ne8 $17) 15... Ne4 $17) 10... cxd3 $1 11. Qxd3 Nd7 $1 12. Nb3 (12.
Qxb5 Nc5 $3 13. Qf1 (13. Qxc6 $4 Bd7 $19) (13. b4 Rb8 $1 14. Qf1 Ba6 15. Qg1
Nd3+ 16. Kd1 d4 $19) 13... Ba6 14. Qg1 Nd3+ 15. Kd1 Bc5 $19) 12... b4 13. Nbd4
Na5 $1 (13... Nc5 14. Qe3 $13) 14. O-O bxc3 $1 15. b3 (15. Qxc3 Ba6 $19) (15.
bxc3 Nc5 $19) (15. b4 Bxb4 16. Ng5 g6 17. Ngxe6 fxe6 18. Nxe6 Nc5 $3 $19) 15...
Nc5 16. Qc2 $2 (16. Qxc3 Ne4 $1 (16... Ba6 17. Bd2 $1) 17. Qb2 Ba6 $17) 16...
Ne4 $1 17. Ng5 Nxg5 18. fxg5 Ba6 19. Rf4 Rc8 20. Bh3 (20. h4 Qc7 $19) 20... Nc6
$1 21. Rh4 $2 (21. Nxe6 $6 Qb6+ $1 22. Kh1 Nb4 $1 (22... Nxe5 $1 23. Nxf8 Bd3
$19) 23. Rxb4 Qxb4 24. Nxf8 Rxf8 $19) 21... g6 22. Nf3 Qb6+ 23. Kh1 Nb4 24. Qg2
Nd3 25. Rd4 Nxe5 26. Be3 Bc5 27. Nxe5 Bxd4 28. Nd7 Bxe3 $3 29. Nxb6 axb6 30.
Qf3 d4 31. Qf6 {0-1 Bellon Lopez,J-Uhlmann,W/Madrid 16/161 1973/ChessBase/
[Uhlmann,W]}) 3... Nc6 4. c3 d5 (4... g6 5. Bg2 Bg7 6. f4 Nge7 7. Nf3 O-O 8.
O-O d6 9. Na3 Rb8 10. Kh1 a6 (10... f5 11. d3 b5 12. exf5 Nxf5 13. Bd2 d5 14.
g4 Nh6 15. Ng5 Qd7 16. Rae1 b4 $13 {Lastin,A-Bareev,E/RUS-ch m1-2 1997/CBM 59/
1/2-1/2 (41)}) 11. Nc2 b5 12. d4 b4 $6 (12... cxd4 $5 13. cxd4 b4 $1 14. b3 a5
15. Bb2 Qb6 16. Rfc1 Ba6 17. Qd1 d5 18. e5 Rfc8 19. Ne3 a4 20. Rc2 a3 $15 {
Onischuk,A-Shaked,T/Fontys 1997/CBM 61/1/2-1/2 (48)}) 13. dxc5 bxc3 (13... dxc5
$5 14. Rd1 Qc7) 14. b3 $5 dxc5 (14... d5 15. e5 {[%csl Rg7]}) 15. Be3 Nd4 $2 (
15... Qa5 $1 16. Qc4 Nb4 17. Rfc1 Bb7 18. Bxc5 Nxc2 19. Rxc2 Rfc8 20. b4 Qa4
$132) 16. Nfxd4 cxd4 17. Rad1 e5 (17... Nc6 18. e5 Bb7 19. Nxd4 Nxd4 20. Bxd4
$16 {[%csl Rc3,Rg7]}) 18. fxe5 Nc6 (18... Bxe5 $5 19. Bxd4 Qc7 $13) 19. Nxd4
Nxe5 20. Nc6 (20. Ne6 Bxe6 21. Rxd8 Rfxd8 $44) 20... Nxc6 21. Rxd8 Rxd8 22. Rc1
(22. Qc4 $1 $16) 22... Nb4 (22... Bb7 $5) 23. Bg5 Re8 24. Bf4 Rb5 25. a4 Rd5 $5
26. e5 g5 (26... Rd3 $1 27. Be4 Rdd8 (27... Bxe5 28. Bxd3 Bb7+ 29. Kg1 Bd4+ 30.
Kf1 Rxe2 31. Kxe2 Bf3+ 32. Kxf3 Nxd3 33. Rd1 Nxf4 34. Kxf4 (34. Rxd4 c2 35. Rc4
Nd3 $1) 34... Bc5 35. Rd8+ Kg7 36. Rc8 Bb4 37. Ke3 $18) 28. Rxc3 Bxe5 29. Bxe5
Rxe5 30. Rc4 a5 $14) 27. Qc4 gxf4 28. Bxd5 Nxd5 29. Qxd5 Be6 (29... Bxe5 30.
Re1 (30. gxf4 Bg7) 30... Be6 (30... c2 31. gxf4 Be6 32. Rg1+ $1 $18) 31. Qxe5
Bd5+ 32. Qxd5 Rxe1+ 33. Kg2 c2 34. Qg5+ Kh8 35. Qc5 $1 $18) 30. Qd4 Bxb3 31.
gxf4 $18 c2 32. Kg1 Rc8 33. Kf2 Be6 34. Qd3 Rc4 35. Qd8+ {1-0 Fedorov,
A-Yandemirov,V/St.Petersburg 1997/CBM 62/[Psakhis,L]}) 5. d3 Nge7 $146 ({RR} 
5... dxe4 6. dxe4 e5 7. Bg2 Nf6 8. Nf3 Be7 9. Nbd2 ({RR} 9. O-O O-O 10. Na3 Bg4
({RR} 10... a6 11. Nc4 Bg4 12. Qc2 Bxf3 13. Bxf3 b5 14. Ne3 c4 15. Nd5 Rb8 16.
Nxf6+ Bxf6 17. Be3 Qc7 18. Rfd1 Ne7 19. Rd2 Rfd8 20. Rad1 g6 21. Rxd8+ Rxd8 22.
Bg4 h5 23. Bh3 Nc8 24. Bxc8 Qxc8 25. Rd2 Rxd2 26. Qxd2 Qd8 27. Qxd8+ Bxd8 28.
f4 Bc7 29. Kf2 Kf8 30. Kf3 Ke7 31. f5 {1/2-1/2 Beltz,F-Umpfenbach,C/GER t-ch
G20 Neumuenster 2000/CA (31)}) 11. h3 Bd7 12. Nc4 Qc7 13. Ne3 Bd6 14. Nh4 g6
15. Nc4 Be7 16. Bh6 Rfe8 17. Ne3 Nd8 18. Rad1 Bc6 19. Nd5 Bxd5 20. exd5 Bd6 21.
Nf3 Nd7 22. Ng5 f6 23. Ne6 Qa5 {Schapotschnikov,P-Lentrodt,T/Oberliga Bayern
0203 2003/EXT 2004/0-1 (61)}) 9... O-O 10. Nc4 Qc7 11. a4 Be6 12. Nfd2 Rfd8 13.
O-O Qd7 14. Re1 b6 15. Nf3 Bxc4 16. Qxc4 Na5 17. Qb5 Qd6 18. Nd2 a6 19. Qe2 Qe6
20. Bf1 {Kiik,K-Kokkila,T/Tampere 1998/ChessBase/1/2-1/2 (43)}) 6. Nf3 b6 7.
Bg2 Ba6 {[%cal Ga6d3] Trying to seize the initiative at an early stage
regardless of the colour of pieces.} (7... Bb7 $5) 8. e5 Qc7 9. O-O Ng6 (9...
h6 $5 10. h4 $140 $5 g5 $5 11. hxg5 hxg5 12. Bxg5 Bg7 $132) 10. Re1 Be7 11. h4
$1 h6 (11... h5 {[%csl Rg5]}) 12. Nbd2 O-O-O 13. a3 Kb8 14. Rb1 $1 {[%cal
Rb2b5]} f6 15. exf6 gxf6 16. b4 $36 {It is already not so easy to neutralize
White's initiative.} Nce5 (16... Bc8 17. d4 (17. h5 Nge5 18. d4 cxd4 19. cxd4
Nxf3+ 20. Nxf3 $14) 17... c4 $5 18. h5 $36) 17. b5 Bc8 18. h5 Nf8 $2 (18...
Nxf3+ $142 19. Nxf3 Nf8 20. Bf4 $5 Bd6 21. Bxd6 Qxd6 22. d4 {[%csl Re6,Rf6,Rh6]
}) 19. Nxe5 fxe5 20. Nf3 {[%csl Re5]} Nd7 (20... Bd6 21. Nxe5 $18) 21. Nxe5
Nxe5 22. Bf4 $1 (22. Qxe5 $143 Qxe5 23. Rxe5 Bf6 24. Bf4 $14) 22... Bd6 23.
Bxe5 Rhg8 24. Bh3 ({A natural development of the initiative can be achieved by
} 24. Bxd6 Qxd6 25. a4 Rg5 26. a5 $16) (24. d4 Bxe5 (24... Rg5 $2 25. Bf6) 25.
Qxe5 Rg5 26. Qxc7+ Kxc7 27. Bh3 $5 Kd6 (27... Rxh5 28. Bxe6 $18) 28. g4 Rdg8
29. Kh2 cxd4 30. cxd4 Rxg4 $5 31. Bxg4 Rxg4 {[%csl Rh5]}) 24... Rdf8 (24... Qf7
$5) 25. d4 Rg5 $8 26. Bxd6 (26. Bg4 Bxe5 27. dxe5 Bb7 {[%cal Cg4e6,Gd5d4]} (
27... c4 $5 {[%csl Ra3,Rb5]})) 26... Qxd6 27. a4 $1 Rf4 {[%cal Oc5d4,Ch3g2,
Cg3f4,Gf4h4] A very slow approach, now White gets a very strong initiative on
the queenside.} (27... Re8 $5 {[%cal Ge6e5]}) 28. Bg2 Rff5 29. a5 $40 bxa5 (
29... Bd7 30. Ra1) 30. Qe3 (30. Ra1 Qb6) 30... c4 (30... cxd4 31. cxd4 {
[%cal Cg5h5,Ge1c1]}) 31. Ra1 e5 $2 {That allows a penetration by white's rook
and really leads to a quick loss.} (31... Qb6 $6 32. Bh3 $1 Rf6 33. f4) (31...
Qc7 $142 $5 32. Ra2 (32. Bh3 Rf8) 32... e5 33. Rea1 e4 34. Rxa5 Rf7) 32. dxe5 (
32. Bh3 exd4 33. cxd4 Rxf2 $5 (33... Rf8 34. Bxc8 Rxc8 35. Rxa5 {[%csl Rb8]}))
32... Rxe5 33. Qd2 Rxh5 34. Rxe5 Rxe5 35. Rxa5 Qf6 (35... Re7 $5 {[%cal Ge7b7]}
36. b6 axb6 37. Rxd5 {[%csl Rb8]}) 36. Ra1 {[%cal Og2d5,Rd2d4]} Rf5 37. Bxd5
$18 h5 (37... Qd6 38. Qe3) 38. Qe3 Qb6 39. Qxb6+ axb6 40. Ra8+ (40. Ra8+ Kc7
41. Rxc8+ $1 Kxc8 42. Be6+) 1-0

[Event "Kiev Spring"]
[Site "Kiev"]
[Date "2000.03.30"]
[Round "9"]
[White "Svetushkin, Dmitry"]
[Black "Kruppa, Yuri"]
[Result "0-1"]
[WhiteElo "2486"]
[BlackElo "2561"]
[Annotator "Psakhis,L"]
[PlyCount "64"]
[EventDate "2000.03.22"]
[EventType "tourn"]
[EventRounds "11"]
[EventCountry "UKR"]
[EventCategory "11"]
[SourceTitle "CBM 077"]
[Source "ChessBase"]
[SourceDate "2000.07.27"]
[SourceVersion "1"]
[SourceVersionDate "2000.07.27"]
[SourceQuality "1"]

1. e4 e6 2. d3 d5 3. Qe2 {Very good line for guys who doesn;t want study too
much theory!} Nc6 4. Nf3 dxe4 5. dxe4 e5 6. c3 Nf6 7. Qc2 a6 (7... Bg4 8. Bb5
Bxf3 9. Bxc6+ bxc6 10. gxf3 Bc5 11. Bg5 h6 12. Bh4 Qd6 13. Nd2 Nh5 14. O-O-O
Qe6 15. Qb3 Nf4 16. Bg3 Bxf2 17. Qxe6+ fxe6 18. Bxf4 exf4 19. Nc4 Rd8 20. Rxd8+
Kxd8 21. Ne5 Kc8 22. Nxc6 {Sokolov,A-Bauer,C/French tch 1994/1-0 (52)}) (7...
Bc5 8. Bb5 Bd7 9. O-O Qe7 10. b4 Bd6 11. Be2 a5 12. b5 Nd8 13. a4 Ne6 14. Nbd2
Nc5 15. Bd3 Bg4 {1/2-1/2 Jamrich,G-Goczo,M/HUN t-ch 2000 (15)}) 8. b4 Bd6 $146
(8... Be7 9. Be2 O-O 10. O-O h6 11. Rd1 Qe8 12. Nbd2 Be6 13. Nc4 Nd7 14. Ne3
Qc8 15. Bb2 Rd8 16. a3 Nf8 17. c4 $14 {Markowski,T-Orzechowski,J/POL t-ch
Suwalki 1999/1-0 (37)}) 9. Nbd2 O-O 10. Nc4 h6 11. Be2 ({Deserves attention} 
11. a4 $5) 11... b5 $5 12. Nxd6 cxd6 13. a4 Bb7 14. O-O (14. axb5 axb5 15. Rxa8
Qxa8 16. Bxb5 Na7 (16... Rc8 $5 $44) 17. Bd3 Bxe4 $11 {leads to game with more
or less equal chances}) 14... Qc7 {[%cal Gc7c2]} 15. Bd3 (15. axb5 axb5 16.
Rxa8 Rxa8 17. Bd3 (17. Bxb5 $2 Nxb4 18. Qb3 Na6 $17 {[%cal Ga6c5]}) 17... Ne7
$1 $15 {[%csl Re4][%cal Ge7g6,Gg6f4]}) 15... Ne7 $1 {[%cal Ge7g6] Strong
maneuver!Kruppa brings knight to g6 where from it will take serious part in
the black activity on the king's side} 16. Re1 Rfc8 (16... Bc6 $5 {[%cal Gc7b7]
}) 17. Bb2 d5 18. exd5 Nexd5 {[%cal Rd5b4,Rd5c3,Rd5f4]} 19. Bf5 ({Maybe} 19.
axb5 $5 axb5 (19... Nxb4 20. cxb4 Qxc2 21. Bxc2 Rxc2 22. Bxe5 axb5 23. Rxa8+
Bxa8 24. Nd4 $14) 20. Rxa8 Bxa8 21. Bxb5 $13 {was stronger than move in the
text.}) 19... Nf4 $5 {[%mdl 512] Interesting exchange sacrifice.} 20. axb5 axb5
21. Bxc8 Qxc8 {[%cal Rc8g4]} 22. Rxa8 (22. Nxe5 Nxg2 23. Rxa8 Bxa8 24. Ra1 Nh4
$44) 22... Bxa8 23. Ra1 (23. Nxe5 Nxg2) 23... Be4 (23... Bxf3 $5 24. gxf3 e4 $1
{was not a bad idea also, but Kruppa pretends for more.} 25. Bc1 $8 (25. Qd2
N6d5 {[%cal Rc8h3]}) 25... Nh3+ 26. Kf1 exf3 $40) 24. Qd1 $8 Nxg2 25. Nxe5 Nh4
(25... Nf4 26. f3 $1 Qf5 (26... Bd5 $5) 27. fxe4 Qg5+ 28. Kf2 Qg2+ 29. Ke3 $1
Qxe4+ 30. Kd2 Qxe5 $40) 26. f4 (26. f3 $142 $5 {Could be the last chance for
White to organize some resistance, for example} Bxf3 (26... Bd5 {[%csl Rg1]
[%cal Rc8h3]} 27. Qe2) 27. Qe1 $1 (27. Nxf3 Qg4+ 28. Kf2 Ne4+ 29. Ke3 Nf5+ 30.
Kd3 Nf2+ $19) 27... Qf5 $44 28. Qg3) 26... Qh3 27. Qf1 (27. Qe2 Nf3+ 28. Nxf3
Bxf3 29. Qc2 (29. Qf2 Ne4 30. Qc2 Qf5 $1 $19 {[%cal Rf5g6]}) 29... Qg4+ 30. Kf1
Bd5 $1 $19 {[%cal Rd5c4]}) 27... Ng2 $1 $19 28. c4 Ng4 {[%csl Ge4,Gg2,Gg4,Gh3]}
29. Nxg4 Qxg4 30. Qd1 Qg6 31. f5 Qg5 32. Bc1 Ne3+ 0-1

[Event "Hastings 9697"]
[Site "Hastings"]
[Date "1996.??.??"]
[Round "2"]
[White "Motwani, Paul"]
[Black "Conquest, Stuart"]
[Result "0-1"]
[WhiteElo "2490"]
[BlackElo "2585"]
[Annotator "Psakhis,L"]
[PlyCount "88"]
[EventDate "1996.12.??"]
[EventType "tourn"]
[EventRounds "9"]
[EventCountry "ENG"]
[EventCategory "13"]
[SourceTitle "CBM 057"]
[Source "ChessBase"]
[SourceDate "1997.04.01"]
[SourceVersion "1"]
[SourceVersionDate "1997.04.01"]
[SourceQuality "1"]

1. e4 e6 2. Nf3 d5 3. Nc3 Nf6 4. e5 Nfd7 5. Ne2 b6 (5... c5 6. c3 b6 7. d4 Ba6
8. g3 Nc6 9. a3 Be7 10. h4 h6 11. Nf4 Qc8 $11 {0-1 Nureev,G-Lastin,A/Perm op
1997 (25)}) 6. d4 Ba6 7. Nf4 Bxf1 8. Kxf1 Be7 9. h4 Nc6 $5 (9... c5 10. c4 dxc4
11. d5 $36) 10. Qe2 Nf8 11. Bd2 (11. h5 $5 g5 $140 12. hxg6 fxg6 13. c3 $14 {
[%csl Rf8]}) 11... Ng6 12. h5 (12. Nd3 $2 Bxh4) 12... Nxf4 13. Bxf4 g5 $5 14.
hxg6 fxg6 15. Bh6 Qd7 16. g3 (16. Bg7 $5 Rg8 17. Bf6 Bxf6 $140 18. exf6 Qf7 $2
19. Qb5 $1 $18) 16... O-O-O 17. Kg2 Kb7 18. c3 a5 19. Rh3 Rc8 20. Rah1 Rhg8 21.
g4 (21. a4 $5) 21... Bd8 22. Kf1 (22. a4 $5) 22... a4 $1 {[%cal Yc6a5,Ya5c4]}
23. Bg5 h5 $1 {Obliged sacrifice, but not bad one.Uncomfortable position of
whites king always will reason for counterplay.} (23... Rg7 $6 24. Bf6 Bxf6 25.
exf6 Rf7 26. g5 $16) 24. gxh5 gxh5 25. Rxh5 Na5 26. Bf6 Nc4 27. b3 axb3 {
[%cal Ra8a1]} (27... Na5 28. b4) 28. axb3 Na5 29. Nd2 Ra8 (29... Bxf6 30. exf6
Qf7 31. Rh6) 30. Qd3 (30. Rh7 $5 Qe8 31. Rh8 Nc4 $5 32. Nf3 Ra1+ 33. Ne1) 30...
Nc6 31. Qh7 (31. Bxd8 $5) 31... Qe8 32. Ke2 $2 (32. Bxd8 $13) 32... Ra2 $2 ({
After} 32... Bxf6 33. exf6 Rf8 {Conquest could get big advantage. For example:}
34. Qg7 (34. Rh6 e5 $17) 34... e5 $1 35. Rh7 (35. Kd3 exd4 36. cxd4 Nb4+ 37.
Kc3 Na2+ 38. Kb2 Qe2 $1 39. Qg5 Nb4 40. Rc1 Ra2+ 41. Kc3 Qd3+ 42. Kxb4 Qxd4+
43. Nc4 c5+ 44. Kb5 Qxc4+ $1 45. bxc4 Ra5# $19) 35... exd4+ 36. Kf1 (36. Kd3
Ne5+ 37. Kxd4 (37. Kc2 Qc6 38. Qg3 Ra2+ $19) 37... Rf7 38. Qg2 Ra2 $1 39. Qxd5+
Nc6+ 40. Kd3 Rxh7 41. Rxh7 Qg6+ $19) 36... Qd8 (36... Ra1+ 37. Kg2 Rg8 38. Rxa1
dxc3 39. Nf3 Rxg7+ 40. Rxg7 Qf8 $17) 37. f7 Qe7 $17) 33. Qb1 Ra8 34. Rh7 $2 (
34. Bxd8 $1 $14) 34... Ne7 $2 {Comedy of mistakes! Again Black could seizure
initiative after} (34... Bxf6 $1 35. exf6 Rf8 36. Nf3 (36. R1h6 e5 $1) 36...
Rxf6 37. R1h5 Qf8 $17) 35. Bxe7 $6 (35. Rh8 $5 $14) 35... Bxe7 36. Qd3 Bg5 37.
Rd1 $6 ({It was time already to try to finish game-} 37. Nf3 Ra2+ 38. Kf1 Ra1+
39. Ke2 $11) 37... Ra2 {[%cal Ra2d2,Rg5d2] Very unpleasant pin} 38. Kf1 $2 (38.
Rh3 $5 $13) 38... Bxd2 $1 39. Rxd2 Rxd2 40. Qxd2 Qb5+ 41. c4 Qxb3 $19 42. Ke2
Ra8 43. Qd3 Ra2+ 44. Ke3 Qb2 0-1

[Event "RUS-Cup01 Chigorin Memorial"]
[Site "St Petersburg"]
[Date "1997.11.06"]
[Round "6"]
[White "Morozevich, Alexander"]
[Black "Kiriakov, Petr"]
[Result "1-0"]
[WhiteElo "2590"]
[BlackElo "2505"]
[Annotator "Psakhis,L"]
[PlyCount "59"]
[EventDate "1997.11.01"]
[EventType "swiss"]
[EventRounds "9"]
[EventCountry "RUS"]
[SourceTitle "CBM 062"]
[Source "ChessBase"]
[SourceDate "1998.01.31"]
[SourceVersion "1"]
[SourceVersionDate "1998.01.31"]
[SourceQuality "1"]

1. e4 e6 2. Qe2 {New ( old?) fashion.} d5 3. d3 (3. exd5 $5 Qxd5 4. Nc3) 3...
dxe4 (3... Ne7 $5) 4. dxe4 b6 (4... e5 5. Nf3 Nc6 6. c3 Nf6 7. Qc2 h6 8. Nbd2
Bd6 9. b4 Ne7 10. Nc4 Ng6 11. Be2 O-O 12. O-O b6 13. Re1 Bb7 14. Bf1 $14 {
Garcia Padron,J-Vega Holm,F/ESP-chT 1997/EXP 60/1-0 (33)}) 5. Nf3 Bc5 {More
logical looks} (5... Ba6 $5 {for example} 6. c4 (6. Qd2 {could,t pretend for
advantage}) 6... Nc6 (6... c5 7. Nc3 Ne7 8. Bf4 Ng6 9. Rd1 Qc8 10. Bc1 Be7 11.
h4 Nc6 $132 {Bakhtadze,G-Rabinovich,A/EU-chJM 1997/EXP 59/0-1 (32)}) 7. Nc3 Bb4
8. Bd2 Na5 9. b3 Qe7 10. g3 O-O-O 11. Bg2 Nf6 12. Rc1 Nb7 13. O-O Kb8 14. e5
Nd5 15. Nxd5 {1/2-1/2 Solana,E-Lezcano Jaen,P/Las Palmas-C 1993/EXT 93}) 6. c3
a5 (6... Ba6 7. Qc2 Bxf1 8. Rxf1 a5 9. Bf4 Nf6 10. Nbd2 O-O 11. O-O-O $14) 7.
Qc2 Nf6 8. Bg5 (8. e5 $5 Nfd7 (8... Nd5 9. Qa4+ Bd7 10. Qg4) 9. Qe4 $36 {
[%cal Ye4g4,Yc1g5]}) 8... h6 9. Bh4 Be7 10. Na3 $5 {Very interesting move, but
why not normal 10.Nbd2!?} Nfd7 11. Bg3 Bxa3 {In case} (11... O-O 12. Nb5 Na6
13. O-O-O {White has big advantage in space.}) 12. bxa3 {[%csl Ra3,Gg3]} Ba6
13. c4 Bb7 14. Rd1 Qc8 15. Be2 O-O 16. O-O Nc6 {It,s look that Black has not
too big problems.} 17. e5 Ne7 (17... Nc5 $5 18. Bh4 (18. Bf4 Ne7) 18... Re8 {
[%cal Yc6e7]}) 18. Nd4 Nc5 19. f3 Nf5 20. Bf2 (20. Nxf5 $6 exf5 $15) 20... Nxd4
$6 {Stronger was to play} (20... Rd8 $1 {and after Black has enough
compensation for a pawn.} 21. Nxf5 exf5 22. Rxd8+ Qxd8 23. Bxc5 bxc5 24. Qxf5
Qd2 $44) 21. Rxd4 $1 {[%cal Rd4g4]} Rd8 22. Rg4 Rd7 (22... Nd7 $1 23. f4 Nf8
24. Bh4 Rd7 25. f5 exf5 26. Qxf5 Qe8) 23. Bh4 Kh8 24. Qc1 {[%cal Rh4f6]} Qf8 (
24... Kh7 25. Bf6 (25. Bd1 $5 Nd3 26. Bc2 Be4 $3 (26... Qf8 27. Rd1 $18) 27.
Qe3 Bf5 28. Rd1 Nc5 $13) 25... gxf6 26. exf6 Qf8 27. Qf4 Rad8 28. Rg7+ Qxg7 29.
fxg7 Kxg7 30. h4 $36) 25. Qe3 Na4 {With hope to exchange queens, but..} 26. Kh1
Qc5 27. Qf4 Rg8 28. Rd1 (28. Bf6 Kh7 29. Rh4 Qf8 $1) (28. Bd1 $1 Nb2 (28...
Qxa3 29. Bf6 $1 Kh7 30. Bc2+ Rd3 31. Qg3 g6 32. Rh4 h5 33. Qg5 $18) 29. Bc2 Nd3
30. Bxd3 Rxd3 31. Qxf7 $18 {[%cal Rh4f6,Rg4g7]}) 28... Nc3 {What else?} (28...
Qc6 29. Bf6 (29. Bd3 Nb2 (29... Rxd3 30. Rxd3 Nc5 31. Bf6 Kh7 32. Bxg7 Rxg7 33.
Rxg7+ Kxg7 34. Qf6+ Kg8 35. Rd8+ Kh7 36. Rh8#) 30. Bf6 $1 $18) 29... Kh7 30.
Rh4 $1 $18) (28... Rxd1+ 29. Bxd1 Nc3 30. Bf6 Kh7 31. Bc2+ g6 32. Qxh6+ Kxh6
33. Rh4#) 29. Rxd7 Nxe2 30. Qxh6+ $1 (30. Qxh6+ $1 gxh6 31. Bf6+ Kh7 32. Rxf7+
(32. Rxf7+ Rg7 33. Rfxg7+ Kh8 34. Rg8+)) 1-0